000 00707nam a2200229 a 4500
001 69717
003 BD-RjUL
005 20211209081922.0
008 170413s1961 enka 001 0 eng d
035 _a(BD-RjUL) 69929
040 _aBD-RjUL
_beng
_cBD-RjUL
_dBD-RjUL
041 _aeng
082 _223
_a515.354
_bLAL 1961
100 1 _aLanczos, Cornelius,
_d1893-1974
_9206495
245 1 0 _aLinear differential operators /
_cby Cornelius Lanczos.
260 _aLondon :
_bVan Nostrand,
_cc1961.
300 _axv, 564 p. :
_bill. ;
_c24 cm.
504 _aIncludes bibliography and index.
650 0 _aCalculus, Operational.
_9152777
650 0 _aDifferential equations, Linear.
_9206496
942 _2ddc
_cBK
999 _c69717
_d69717